00842nam a2200193Ia 4500003000900000005001700009008004100026040002300067040001300090041000800103100002700111245003900138250001200177260004800189300001900237490003600256500002400292520033200316IT-RoPau20220918175914.0120407s9999 xx 000 0 und d aIT-RoPAUcIT-RoPau cIT-RoPAU aita aAlberione Giacomocssp aLa Pia Discepola del Divin Maestro a1° ed. aRomabPie Discepole del Divin Maestroc1978 a57 p.c14,5 cm v7 (serie seconda)aIpsum audite aAd uso manoscritto. aINDICE Perchè l'Istituto Pie Discepole?; Natura dell'Istituto; Stile di vita; Silenziosità; Intimità con il Maestro; Riparazione-Mediazione; Vita religiosa; Alla scuola del Maestro; Il Vangelo: testo della Pia Discepola; Maria SS. e la Pia Discepola; Missione della Pia Discepola; Indice delle citazioni; Indice generale.